000 00480nam a2200181Ia 4500
005 20240606014039.0
008 240331s9999 xx 000 0 und d
020 _a9559255002
082 _bLEA
_a341
100 _aLeary, V.A
100 _aWickremasinghe
245 3 _aAn introductory guide to human rights law and humanitarian law
260 _bThe Nadesan Centre
_aColombo
_c1993
300 _a68 p.,
650 _aHuman Rights
650 _aHumanitarian Law
942 _cL
999 _c2816
_d2816